| 000 | 01007nas a2200289 4500 | ||
|---|---|---|---|
| 001 | BR0503670 | ||
| 003 | BR-BrBNA | ||
| 005 | 20231205105513.0 | ||
| 007 | ta | ||
| 008 | 230509b bl.|||p| |||| 00| 00por d | ||
| 040 |
_aBR-BrBNA _bpor _cBiblioteca Nacional de Agricultura |
||
| 041 | _a(Pt) | ||
| 072 | _aH10 | ||
| 100 | 1 | _aAlexandre, S. | |
| 100 | 1 | _aSilva, E.J.E. | |
| 100 | 1 | _aDionísio, L. | |
| 245 | 1 | _aNoctuídeos (Lepidoptera, Noctuidae)do Museu Entomológico Ceslau Biezanko, Departamento de Fitossanidade, Faculdade de Agronomia "Eliseu Maciel", Universidade Federal de Pelotas, RS | |
| 650 | _aLAGARTA ROSCA | ||
| 650 | _aINSETO | ||
| 650 | _aENTOMOFAUNA | ||
| 650 | _aBIOLOGIA | ||
| 650 | _aRIO GRANDE DO SUL | ||
| 773 | 0 |
_tRevista Brasileira de Agrociência (Brazil) _xISSN 0104-8996 _g(Oct-Dec 2004), v. 10(4) p. 389-409 _wBR0503670 |
|
| 856 | 4 | 0 | _uhttp://www.ufpel.tche.br/faem/agrociencia/v10n4/artigo01.pdf |
| 909 |
_a202311 _bLúcia _c55 _dLúcia Elande |
||
| 942 |
_2AGRIS _n0 _cANA |
||
| 999 |
_c183304 _d183304 |
||